Normal view
MARC view
- Aleena Umair, Bushra Farooq, Mahum Waqar, Tehreem Parvez
Entry Personal Name
001 - CONTROL NUMBER
- control field: 71682
003 - CONTROL NUMBER IDENTIFIER
- control field: NUST
005 - DATE AND TIME OF LATEST TRANSACTION
- control field: 20210628204652.0
008 - FIXED-LENGTH DATA ELEMENTS
- fixed length control field: 210628|| aca||aabn | a|a d
040 ## - CATALOGING SOURCE
- Original cataloging agency: NUST
- Transcribing agency: NUST
100 ## - HEADING--PERSONAL NAME
- Personal name: Aleena Umair, Bushra Farooq, Mahum Waqar, Tehreem Parvez
670 ## - SOURCE DATA FOUND
- Source citation: Work cat.: (NUST): Aleena Umair, Bushra Farooq, Mahum Waqar, Tehreem Parvez, PR-SOF-1483-REAL TIME MULTI-OBJECT IDENTIFICATION AND TRACKING IN PANORAMIC VIEW, 2015
